Normal view
MARC view
- Allen, Leslie
Entry Personal Name
001 - CONTROL NUMBER
- control field: 153704
003 - CONTROL NUMBER IDENTIFIER
- control field: DLC
005 - DATE AND TIME OF LATEST TRANSACTION
- control field: 20260416102630.0
008 - FIXED-LENGTH DATA ELEMENTS
- fixed length control field: 850724n| azannaabn |a aaa
010 ## - LIBRARY OF CONGRESS CONTROL NUMBER
- LC control number: n 85068341
035 ## - SYSTEM CONTROL NUMBER
- System control number: (OCoLC)oca01381207
040 ## - CATALOGING SOURCE
- Original cataloging agency: DLC
- Language of cataloging: eng
- Description conventions: rda
- Transcribing agency: DLC
- Modifying agency: DLC
- Modifying agency: UPB
100 1# - HEADING--PERSONAL NAME
- Personal name: Allen, Leslie
- Fuller form of name: (Leslie Beth)
370 ## - ASSOCIATED PLACE
- Place of residence/headquarters: Washington (D.C.)
- Source of term: naf
373 ## - ASSOCIATED GROUP
- Associated group: National Geographic Society (U.S.)
- Source of term: naf
- Start period: 1978
375 ## - GENDER
- Gender: Females
- Source of term: lcdgt
377 ## - ASSOCIATED LANGUAGE
- Language code: eng
378 ## - FULLER FORM OF PERSONAL NAME
- Fuller form of personal name: Leslie Beth
400 1# - SEE FROM TRACING--PERSONAL NAME
- Personal name: Allen, Leslie Beth
670 ## - SOURCE DATA FOUND
- Source citation: Author's Liberty, 1985:
- Information found: t.p. (Leslie Allen) p. 298 (she is a native & resident of Dist. of Columbia; grad. of Bryn Mawr College, 1975; staff member of National Geographic Society since 1978)
670 ## - SOURCE DATA FOUND
- Source citation: Phone call to author, 5/13/87
- Information found: (Leslie Beth Allen; refused to give d. of b.)



